[Event "NSV Open-ch Rapid 2019"]
[Site "Lueneburg"]
[Date "2019.08.04"]
[Round "7.1"]
[White "Vorobiov, Evgeny E."]
[Black "Priebe, Jan"]
[Result "1-0"]
[WhiteElo "2578"]
[BlackElo "2204"]
[Annotator "TA"]
[PlyCount "63"]
[EventDate "2019.08.03"]
[EventType "swiss"]
[EventCountry "GER"]
[SourceTitle "playchess.com"]
[Source "ChessBase"]
[SourceQuality "1"]

{[%evp 13,100,53,53,46,75,45,123,118,125,123,137,108,101,97,215,191,225,100,114,90,96,84,104,91,86,89,98,46,60,31,94,23,44,0,7,11,8,0,91,75,148,137,380,373,335,199,587,558,704,691,662,445,428,473,487,490,456,454,476,477,490,488,721,712,640,453,425,526,487,408,547,444,749,721,658,581,2345,1933,1731,1724,1870,2870,4618,4618,29987,29988,29997,29998,29999]} 1. d4 Nf6 2. c4 g6 3. Nc3 Bg7 4. e4 d6 5. Be2 O-O 6. Be3 e5 7. d5 Na6 8. g4 {E73: King's Indian: Averbakh Variation without 6...c5} (8. h4 Nc5 9. Qc2 c6 10. h5 cxd5 11. cxd5 Qa5 12. h6 Bh8 13. f3 Bd7 14. Rb1 Na4 15. Qd2 Nxc3 16. bxc3 {½-½ (49) Eljanov,P (2676)-Demchenko,A (2679) Germany 2019}) 8... Nd7 9. h4 Ndc5 (9... f5 $1 $14) 10. g5 $146 {White is better.} ({Predecessor:} 10. a3 f5 11. gxf5 gxf5 12. f3 f4 13. Bf2 Rf6 14. b4 Nd7 15. Kd2 {1-0 (46) Laco,G (2137)-Petrovic,M (1982) Nova Gorica 2011}) 10... f5 11. gxf6 $1 Qxf6 12. h5 g5 13. a3 Kh8 (13... h6 $16) 14. b4 Nd7 {[#]} 15. Nf3 (15. h6 $1 $18 {[%mdl 512] and the rest is easy.}) 15... h6 16. Nd2 Rf7 17. Bg4 Qe7 18. Qe2 Nf6 19. Bxc8 Rxc8 20. Nf1 (20. Bxa7 Ra8 $15) (20. O-O-O $16) 20... Qd7 21. Ng3 ({But not} 21. Bxa7 Ra8 $15) 21... c5 ({Black should play} 21... c6 $1 $14) 22. dxc6 (22. b5 $16) 22... Qxc6 $11 23. Rd1 Qxc4 24. Qxc4 Rxc4 25. Nb5 {[%mdl 64] Double Attack} Rd7 (25... Bf8 $1 $11) 26. Nxd6 Rc3 {[#]} (26... Rc6 $142 27. Ngf5 Nc7) 27. Nb5 $1 $36 {[%cal Rb5c3][%mdl 2048] White is in control.} Rb3 $2 (27... Rxd1+ $16 28. Kxd1 Rc6) 28. Rxd7 $18 Nxd7 29. Ke2 ({Weaker is} 29. Bxa7 Nac5 $16) (29. Kd2 $142) 29... Nb6 $2 (29... Nab8 30. Bxa7 Nc6) 30. Rd1 Nc4 31. Rd8+ Kh7 32. Nf5 {Played: Rd8-d7} 1-0

[Event "NSV Open-ch Rapid 2019"]
[Site "Lueneburg"]
[Date "2019.08.04"]
[Round "7.2"]
[White "Lubbe, Nikolas"]
[Black "Kotyk, Michael"]
[Result "1-0"]
[WhiteElo "2431"]
[BlackElo "1998"]
[Annotator "TA"]
[PlyCount "61"]
[EventDate "2019.08.03"]
[EventType "swiss"]
[EventCountry "GER"]
[SourceTitle "playchess.com"]
[Source "ChessBase"]
[SourceQuality "1"]

{[%evp 9,61,18,24,0,0,0,0,0,0,-4,9,-2,10,0,18,0,27,26,25,22,62,59,93,82,72,53,109,102,116,104,132,114,137,126,124,133,152,123,141,96,98,113,135,116,210,222,591,591,586,585,584,550,552,391]} 1. d4 f5 2. Nc3 d5 3. Bf4 a6 4. e3 Nf6 (4... e6 5. Nf3 Nf6 6. Bd3 c5 7. dxc5 Bxc5 8. O-O Nc6 9. Ne2 Qe7 10. Ned4 Bd7 11. c4 {½-½ (55) Shimanov,A (2641)-Carlsen,M (2834) chess.com INT 2018}) 5. a3 e6 6. h3 {A80: Dutch Defence: Unusual White second moves} c5 7. Nf3 Nc6 8. Ne5 $146 {The position is equal.} ({Predecessor:} 8. g4 Bd6 9. Bxd6 Qxd6 10. gxf5 e5 11. dxe5 Nxe5 12. Bg2 Bxf5 {1-0 (45) Wang,Q (2206)-Esserman,M (2426) Philadelphia 2015}) 8... Bd6 9. Nxc6 bxc6 10. Bxd6 Qxd6 11. Na4 $36 {[%mdl 2048] White is pushing.} c4 12. b3 cxb3 13. cxb3 O-O 14. Bd3 Ne4 15. O-O e5 16. dxe5 Qxe5 17. Rc1 f4 ({Black should try} 17... Bb7 $14) 18. Bxe4 ({Resist} 18. Rxc6 fxe3 19. Bxe4 dxe4 $11) 18... Qxe4 {[#]} 19. exf4 $1 Qg6 20. Qf3 Bf5 21. Qg3 Qd6 22. Rfe1 Rae8 23. Rxe8 Rxe8 24. Nc5 d4 {With the idea ...d3.} 25. b4 d3 {Threatens to win with ...d2.} 26. Rd1 {[%cal Rc5d3]} d2 (26... a5 $16 {was called for.} 27. Nxd3 axb4 28. axb4 Rf8) 27. Qc3 $18 Re2 $2 (27... Qxf4 {is more resistant.} 28. Qxd2 Qxd2 29. Rxd2 Ra8) 28. Qc4+ {[%mdl 64] [#] Double Attack. White is clearly winning.} Re6 29. Nxe6 Bxe6 30. Qe2 Bd5 31. Qe8+ {Accuracy: White = 80%, Black = 32%.} 1-0

[Event "NSV Open-ch Rapid 2019"]
[Site "Lueneburg"]
[Date "2019.08.04"]
[Round "7.3"]
[White "Stork, Oliver"]
[Black "Schneider, Ilja"]
[Result "0-1"]
[WhiteElo "2322"]
[BlackElo "2494"]
[Annotator "TA"]
[PlyCount "88"]
[EventDate "2019.08.03"]
[EventType "swiss"]
[EventCountry "GER"]
[SourceTitle "playchess.com"]
[Source "ChessBase"]
[SourceQuality "1"]

{[%evp 17,88,17,26,8,16,8,19,15,16,0,25,-22,0,11,13,2,0,9,15,16,11,-17,0,-20,-34,-156,-159,-157,-139,-174,-167,-254,-254,-239,-232,-330,-323,-327,-323,-340,-331,-356,-345,-357,-354,-350,-347,-390,-382,-389,-362,-356,-337,-498,-443,-583,-560,-522,-481,-803,-740,-1260,-1171,-1424,-1380,-1274,-1375,-2658,-2330,-3000,-2652,-1949,-1652]} 1. c4 c6 2. Nf3 d5 3. e3 Nf6 4. Nc3 a6 5. d4 b5 6. b3 Bg4 7. Be2 Nbd7 8. h3 Bh5 9. O-O e6 10. Ne5 {[#] Threatens to win with Nxd7. D15: Slav Defence: 4 Nc3 a6 and gambit lines after 4 Nc3 dxc4} (10. c5 Be7 11. Bb2 O-O 12. Ne5 Bxe2 13. Nxe2 Qc7 14. b4 a5 15. a3 Ra6 16. Qd3 Rfa8 17. a4 axb4 18. Nxc6 Bxc5 19. axb5 Rxa1 20. Rxa1 Rxa1+ 21. Bxa1 {0-1 (29) Tari,A (2584)-Howell,D (2644) Doha 2016}) 10... Bxe2 11. Nxe2 Nxe5 12. dxe5 {The position is equal.} Nd7 13. Bb2 Be7 14. Rc1 bxc4 15. bxc4 Qb8 16. Qb3 $146 ({Predecessor:} 16. Rb1 O-O 17. cxd5 cxd5 18. e4 Nxe5 19. exd5 Rd8 20. Bd4 Qd6 21. dxe6 Qxe6 22. Qb3 Qxb3 {½-½ (22) Summerscale,A (2459)-Fontaine,R (2449) York 2000}) 16... Qxb3 17. axb3 Nc5 18. cxd5 cxd5 19. Nd4 Kd7 20. Ba3 Nxb3 21. Nxb3 (21. Rb1 $1 $15 Na5 22. Bxe7 Kxe7 23. f4) 21... Bxa3 $17 22. Ra1 Bb4 23. Rfc1 Rhc8 24. Kf1 (24. Rxc8 {was called for.} Kxc8 25. Kf1) 24... Bc3 25. Ra4 Bxe5 26. Ke2 (26. Rb1 $142) 26... Rxc1 $19 27. Nxc1 {[%mdl 4096] Endgame KRB-KRN} Kc6 28. f4 Bd6 29. Na2 a5 30. Kd3 Kb5 31. Nc3+ Kb6 32. f5 Bb4 33. fxe6 Bxc3 34. Kxc3 fxe6 {KR-KR} 35. Rg4 (35. Kb3 {is a better defense.}) 35... Ra7 {Black is clearly winning.} 36. Kb3 {[#]} a4+ $1 37. Ka3 (37. Rxa4 Rxa4) 37... Kc5 38. Rh4 (38. Rg5 $142) 38... g6 39. Rg4 e5 40. Rg5 e4 41. Re5 Kc4 42. h4 Kd3 43. Rxd5+ Kxe3 44. h5 Kf2 {Accuracy: White = 11%, Black = 84%.} 0-1

[Event "NSV Open-ch Rapid 2019"]
[Site "Lueneburg"]
[Date "2019.08.04"]
[Round "7.4"]
[White "Kahlert, Thomas"]
[Black "Jahncke, Giso"]
[Result "0-1"]
[WhiteElo "2152"]
[BlackElo "2325"]
[Annotator "ChessBase"]
[PlyCount "172"]
[EventDate "2019.08.03"]
[EventType "swiss"]
[EventCountry "GER"]
[SourceTitle "playchess.com"]
[Source "ChessBase"]
[SourceQuality "1"]
[TimeControl "600+5"]

1. Nf3 {[%emt 0:00:00]} g6 {[%emt 0:00:00]} 2. d4 {[%emt 0:00:04]} Nf6 {[%emt 0:00:05]} 3. c4 {[%emt 0:00:02]} Bg7 {[%emt 0:00:01]} 4. Nc3 {[%emt 0:00:02]} O-O {[%emt 0:00:02]} 5. e4 {[%emt 0:00:02]} d6 {[%emt 0:00:02]} 6. Be2 {[%emt 0:00:01]} Bg4 {[%emt 0:00:18]} 7. Be3 {[%emt 0:00:05]} Nfd7 {[%emt 0:00:01]} 8. Ng1 {[%emt 0:00:02]} Bxe2 {[%emt 0:00:06]} 9. Ngxe2 {[%emt 0:00:02]} a6 {[%emt 0:00:07]} 10. O-O {[%emt 0:00:04]} c5 {[%emt 0:00:06]} 11. f3 {[%emt 0:00:16]} Nc6 {[%emt 0:00:11]} 12. Qd2 {[%emt 0:00:11]} Rb8 {[%emt 0:01:06]} 13. Rfd1 {[%emt 0:00:24]} b5 {[%emt 0:00:57]} 14. cxb5 {[%emt 0:00:17]} axb5 {[%emt 0:00:02]} 15. dxc5 {[%emt 0:00:03]} Nxc5 {[%emt 0:00:03]} 16. Rac1 {[%emt 0:00:22]} b4 {[%emt 0:01:09]} 17. Nd5 {[%emt 0:00:46]} Qa5 {[%emt 0:00:11]} 18. Nd4 {[%emt 0:00:57]} Bxd4 {[%emt 0:01:56]} 19. Bxd4 {[%emt 0:00:05]} Rfe8 {[%emt 0:00:17]} 20. Bxc5 {[%emt 0:04:01]} dxc5 {[%emt 0:00:03]} 21. Qc2 {[%emt 0:00:02]} Rb5 {[%emt 0:00:44]} 22. b3 {[%emt 0:00:23]} Ra8 {[%emt 0:00:49]} 23. h4 {[%emt 0:00:45]} e6 {[%emt 0:00:31]} 24. Nf6+ {[%emt 0:00:30]} Kg7 {[%emt 0:00:02]} 25. Nd7 {[%emt 0:00:37]} Nd4 {[%emt 0:00:25]} 26. Qc4 {[%emt 0:00:05]} Rd8 {[%emt 0:00:47]} 27. Nxc5 {[%emt 0:00:35]} Nxf3+ {[%emt 0:00:55]} 28. gxf3 {[%emt 0:00:20]} Rxd1+ {[%emt 0:00:02]} 29. Rxd1 {[%emt 0:00:02]} Rxc5 {[%emt 0:00:01]} 30. Qd4+ {[%emt 0:00:16]} e5 {[%emt 0:00:01]} 31. Qd2 {[%emt 0:00:01]} Rc3 {[%emt 0:00:09]} 32. Kg2 {[%emt 0:00:02]} Qc7 {[%emt 0:00:35]} 33. Kg3 {[%emt 0:00:10]} Rc2 {[%emt 0:00:21]} 34. Qd6 {[%emt 0:00:23]} Qc3 {[%emt 0:00:29]} 35. h5 {[%emt 0:00:16]} gxh5 {[%emt 0:00:13]} 36. Qd3 {[%emt 0:00:27]} Qxd3 {[%emt 0:00:06]} 37. Rxd3 {[%emt 0:00:01]} Rxa2 {[%emt 0:00:01]} 38. Rd5 {[%emt 0:00:02]} Rb2 {[%emt 0:00:02]} 39. Rxe5 {[%emt 0:00:02]} Rxb3 {[%emt 0:00:01]} 40. Rxh5 {[%emt 0:00:01]} Rb1 {[%emt 0:00:03]} 41. Kg2 {[%emt 0:00:03]} b3 {[%emt 0:00:03]} 42. Rb5 {[%emt 0:00:02]} Kf6 {[%emt 0:00:06]} 43. Kh2 {[%emt 0:00:11]} Ke6 {[%emt 0:00:03]} 44. Kg2 {[%emt 0:00:09]} Kd6 {[%emt 0:00:11]} 45. Rb7 {[%emt 0:00:11]} Ke6 {[%emt 0:00:13]} 46. Rb5 {[%emt 0:00:02]} Kd6 {[%emt 0:00:03]} 47. Rb7 {[%emt 0:00:01]} Kc6 {[%emt 0:00:04]} 48. Rb8 {[%emt 0:00:18]} Kc5 {[%emt 0:00:09]} 49. Rb7 {[%emt 0:00:15]} Kc6 {[%emt 0:00:00]} 50. Rb4 {[%emt 0:00:02]} h5 {[%emt 0:00:08]} 51. Rb8 {[%emt 0:00:04]} h4 {[%emt 0:00:02]} 52. Rb4 {[%emt 0:00:02]} Kc5 {[%emt 0:00:11]} 53. Rb8 {[%emt 0:00:02]} Kc4 {[%emt 0:00:03]} 54. Rb7 {[%emt 0:00:11]} f6 {[%emt 0:00:01]} 55. Rb6 {[%emt 0:00:02]} Kc5 {[%emt 0:00:01]} 56. Rb8 {[%emt 0:00:02]} Kd6 {[%emt 0:00:15]} 57. Rb5 {[%emt 0:00:02]} Ke6 {[%emt 0:00:00]} 58. Kh2 {[%emt 0:00:03]} h3 {[%emt 0:00:01]} 59. f4 {[%emt 0:00:06]} Kd6 {[%emt 0:00:05]} 60. Kxh3 {[%emt 0:00:04]} b2 {[%emt 0:00:04]} 61. Kg2 {[%emt 0:00:01]} Kc6 {[%emt 0:00:03]} 62. Rb8 {[%emt 0:00:02]} Kc5 {[%emt 0:00:01]} 63. Rb7 {[%emt 0:00:02]} Kd4 {[%emt 0:00:01]} 64. Rb4+ {[%emt 0:00:01]} Ke3 {[%emt 0:00:01]} 65. e5 {[%emt 0:00:01]} fxe5 {[%emt 0:00:15]} 66. fxe5 {[%emt 0:00:01]} Kd3 {[%emt 0:00:03]} 67. Rb7 {[%emt 0:00:27]} Kc3 {[%emt 0:00:06]} 68. e6 {[%emt 0:00:21]} Re1 {[%emt 0:00:03]} 69. e7 {[%emt 0:00:02]} Rxe7 {[%emt 0:00:05]} 70. Rxe7 {[%emt 0:00:01]} b1=Q {[%emt 0:00:01]} 71. Re2 {[%emt 0:00:02]} Qf5 {[%emt 0:00:07]} 72. Kg3 {[%emt 0:00:03]} Kd3 {[%emt 0:00:04]} 73. Rf2 {[%emt 0:00:03]} Qg5+ {[%emt 0:00:03]} 74. Kf3 {[%emt 0:00:01]} Qh4 {[%emt 0:00:14]} 75. Kg2 {[%emt 0:00:13]} Qg4+ {[%emt 0:00:03]} 76. Kf1 {[%emt 0:00:03]} Ke3 {[%emt 0:00:10]} 77. Rh2 {[%emt 0:00:14]} Qf3+ {[%emt 0:00:13]} 78. Kg1 {[%emt 0:00:02]} Qg3+ {[%emt 0:00:06]} 79. Rg2 {[%emt 0:00:02]} Qe1+ {[%emt 0:00:03]} 80. Kh2 {[%emt 0:00:01]} Kf3 {[%emt 0:00:03]} 81. Rc2 {[%emt 0:00:14]} Qh4+ {[%emt 0:00:06]} 82. Kg1 {[%emt 0:00:01]} Qg5+ {[%emt 0:00:08]} 83. Kf1 {[%emt 0:00:02]} Qb5+ {[%emt 0:00:02]} 84. Ke1 {[%emt 0:00:04]} Qb4+ {[%emt 0:00:07]} 85. Kd1 {[%emt 0:00:05]} Ke3 {[%emt 0:00:03]} 86. Kc1 {[%emt 0:00:04]} Kd3 {[%emt 0:00:04]} 0-1

[Event "NSV Open-ch Rapid 2019"]
[Site "Lueneburg"]
[Date "2019.08.04"]
[Round "7.5"]
[White "Toepper, Olaf"]
[Black "Buchenau, Frank"]
[Result "0-1"]
[WhiteElo "1896"]
[BlackElo "2294"]
[Annotator "TA"]
[PlyCount "56"]
[EventDate "2019.08.03"]
[EventType "swiss"]
[EventCountry "GER"]
[SourceTitle "playchess.com"]
[Source "ChessBase"]
[SourceQuality "1"]

{[%evp 11,55,11,-1,-8,-13,-4,-9,-34,-30,-40,-5,0,254,-22,32,27,26,27,16,25,26,25,27,19,22,15,15,18,10,0,53,-38,-29,-165,-157,-311,-277,-279,-293,-483,-481,-480,-477,-29998,-29999,-29999]} 1. d4 e6 2. Bf4 Nf6 3. e3 c5 4. c3 d5 5. Nd2 Nc6 6. Bd3 Bd6 7. Bg3 {D00: 1 d4 d5: Unusual lines} (7. Bxd6 Qxd6 8. f4 Bd7 9. a3 Ne7 10. Ngf3 Qb6 11. Rb1 Bb5 12. Bxb5+ Qxb5 13. Qe2 Qxe2+ 14. Kxe2 Rc8 {1-0 (58) Duda,J (2717)-Dziuba,M (2584) Katowice 2017}) 7... e5 8. dxe5 Nxe5 9. Bc2 {The position is equal.} O-O 10. Ngf3 Bg4 11. h3 $146 ({Predecessor:} 11. O-O Qe7 12. Re1 Rad8 13. Qc1 Bxf3 14. Bxe5 Qxe5 15. Nxf3 {½-½ (50) Fischer,T (2045)-Graf,F (2209) Willingen 2006}) 11... Bh5 $2 {[%mdl 8192]} (11... Nxf3+ $11 {and Black stays safe.} 12. Nxf3 Bxf3 13. Qxf3 Bxg3 14. Qxg3 Qb6) 12. Bh4 $2 (12. Bxe5 $18 {Nc4 is the strong threat.} Bxe5 13. g4) 12... Bg6 (12... Re8 $11) 13. Nxe5 $14 Bxe5 14. f4 Bxc2 15. Qxc2 Bd6 16. O-O-O Re8 17. Rhe1 Be7 18. Nf3 Qa5 19. Kb1 Rad8 20. g4 b5 (20... Ne4 $11) 21. Ne5 (21. Bxf6 $1 $14 Bxf6 22. g5) 21... Qb6 22. Bf2 (22. Rg1 $11 {and White has nothing to worry.}) 22... Ne4 $19 23. Rxd5 $2 {[#]} (23. g5 $17) 23... Nxc3+ $1 {[%mdl 512]} 24. Qxc3 {Strongly threatening e4.} (24. bxc3 Rxd5) 24... Rxd5 25. Qb3 $2 (25. e4 Rdd8 26. Qb3) 25... c4 26. Qc2 {intending e4.} Qd6 {White must now prevent ...Rd2.} 27. Qf5 {[#]} (27. Nf3 $19 Rd3 28. Bg1) 27... Rd1+ 28. Kc2 Qd2# {Accuracy: White = 19%, Black = 56%.} 0-1

[Event "NSV Open-ch Rapid 2019"]
[Site "Lueneburg"]
[Date "2019.08.04"]
[Round "7.6"]
[White "Reuker, Jari"]
[Black "Ertan, Can"]
[Result "0-1"]
[WhiteElo "2403"]
[BlackElo "2396"]
[Annotator "TA"]
[PlyCount "100"]
[EventDate "2019.08.03"]
[EventType "swiss"]
[EventCountry "GER"]
[SourceTitle "playchess.com"]
[Source "ChessBase"]
[SourceQuality "1"]

{[%evp 13,100,0,0,1,-1,-11,-6,-10,11,2,4,8,20,19,63,50,60,42,66,66,75,76,79,72,80,37,124,119,137,114,131,50,62,53,108,72,74,68,300,306,306,319,306,277,264,160,129,85,88,96,80,0,131,129,63,-12,-13,-23,6,0,0,0,0,0,0,-177,-185,-187,-187,-191,-150,-596,-581,-401,-154,-393,0,-739,-733,-612,-547,-5779,-702,-695,-687,-662,-646,-1045,-1013]} 1. Nf3 Nf6 2. c4 e6 3. g3 d5 4. Bg2 dxc4 5. Qa4+ Nbd7 6. O-O a6 7. Qxc4 b5 8. Qb3 {Threatening Ne5! A13: English Opening: 1...e6} Bb7 9. Nc3 c5 10. d3 {The position is equal.} Be7 11. a4 b4 12. Nb1 {[%cal Bc3b1,Bb1d2,Bd2c4][%mdl 32]} Bd5 $146 ({Predecessor:} 12... a5 13. Qc2 O-O 14. Nbd2 Qb6 {0-1 (50) Rasmussen,A (2522)-Filippov,A (2615) Tromsoe 2014}) 13. Qc2 e5 14. e4 Be6 15. Nbd2 h6 16. Nc4 Qc7 17. b3 O-O 18. Bb2 {[%cal Rf3e5]} Bd6 19. Nfd2 Nb6 (19... Nb8 $14) 20. Nxd6 $16 Qxd6 21. a5 Nbd7 {[#]} 22. Nc4 (22. f4 $1 $16) 22... Qc7 23. f4 {[%cal Rc4e5]} Ng4 (23... Bxc4 $14 24. Qxc4 (24. dxc4 Rfe8 $14) 24... Ra7) 24. Rae1 Bxc4 25. Qxc4 {Hoping for h3.} ({Much worse is} 25. bxc4 $6 Rad8 $11) 25... exf4 $2 (25... Rac8 $14) 26. gxf4 $18 (26. Rxf4 Nge5 $14) 26... Rae8 27. e5 (27. Qxa6 Ra8 $11) 27... h5 28. d4 Qxa5 29. d5 {Threatens to win with h3.} Nb6 30. Qc2 {And now e6 would win.} c4 {White must now prevent ...Qc5+.} 31. Bd4 Nxd5 32. bxc4 (32. h3 $16 Nh6 33. Ra1 (33. Qxc4 Nc3 $16) (33. bxc4 Nc3 $14)) 32... Nc3 (32... Ne7 $1 $11 {keeps the balance.}) 33. h3 $16 {[%mdl 1024] White has strong compensation.} Nh6 34. Ra1 (34. f5 $14) 34... Qc7 $11 35. c5 {c6 is the strong threat.} a5 36. c6 Re6 $1 37. Bxc3 Rxc6 38. Bxc6 Qxc6 {[%mdl 64] Pin} 39. Rxa5 $2 (39. Kh2 $11) 39... Qb6+ $19 {[%mdl 64] Double Attack} 40. Bd4 Qxa5 41. Qe4 Rd8 42. Bb2 $2 (42. e6 $17 {is more resistant.}) 42... Qc5+ 43. Kh1 {[#]} Rd2 $2 (43... Nf5 $1 $19 {[%mdl 512] ( -> ...Ng3+!)} 44. Qxf5 Qc6+ 45. Kg1 Rd2) 44. Bc1 $2 (44. Rc1 $17 Qe7 45. Rc8+ Rd8 46. Rxd8+ Qxd8 47. e6 fxe6 48. Qxe6+ Nf7 49. Be5) 44... Rf2 $2 $40 {[%mdl 128] White needs to defend precisely.} (44... Ra2 $19 45. Be3 Qb5) 45. Qa8+ $2 {[%mdl 8192]} (45. Rxf2 $11 Qxf2 46. e6) 45... Kh7 {Black is clearly winning.} 46. Qe4+ g6 47. Rg1 Qc2 (47... Nf5 $142 48. Ba3 Qc3) 48. Qxc2 Rxc2 49. Be3 Nf5 50. Bb6 b3 {Accuracy: White = 52%, Black = 37%.} 0-1

[Event "NSV Open-ch Rapid 2019"]
[Site "Lueneburg"]
[Date "2019.08.04"]
[Round "7.7"]
[White "Voege, Tobias"]
[Black "Bargsten, Justus"]
[Result "0-1"]
[WhiteElo "2303"]
[BlackElo "1946"]
[Annotator "TA"]
[PlyCount "64"]
[EventDate "2019.08.03"]
[EventType "swiss"]
[EventCountry "GER"]
[SourceTitle "playchess.com"]
[Source "ChessBase"]
[SourceQuality "1"]

{[%evp 10,70,32,19,38,28,49,41,44,60,40,10,17,12,51,-4,76,75,60,57,125,128,105,-49,-80,-59,-62,-71,-79,-132,-150,-205,-222,-270,-286,-266,-273,-306,-306,-297,-297,-289,-238,-376,-330,-354,-357,-355,-344,-337,-341,-332,-346,-360,-360,-391,-402,-456,-454,-29988,-29989,-29989,-29990]} 1. d4 Nf6 2. c4 e6 3. Nc3 Bb4 4. Nf3 O-O 5. Bg5 d5 6. e3 dxc4 {D38: Queen's Gambit Declined: Ragozin Defence (4 Nf3 Bb4)} (6... h6 7. Bh4 c5 8. cxd5 g5 9. Bg3 Nxd5 10. Rc1 f5 11. Bc4 Nc6 12. O-O cxd4 13. Nxd5 exd5 14. Bb3 dxe3 15. Bxd5+ {1-0 (77) Shimanov,A (2646)-Petrosian,T (2615) Saint Louis 2017}) 7. Bxc4 b6 8. O-O Bb7 {White is slightly better.} 9. Rc1 Nbd7 $146 ({Predecessor:} 9... Be7 10. Bd3 Nbd7 11. Bf4 a6 12. Re1 Rc8 13. Qe2 b5 14. Ng5 {0-1 (43) Lahn,H-Heinrich,A Schwabstedt 1994}) 10. Nd2 h6 11. Bh4 e5 12. Nd5 (12. Re1 $14) 12... Bd6 (12... Bxd2 $1 $11 13. Bxf6 Nxf6 14. Nxf6+ Qxf6 15. Qxd2 exd4) 13. Ne4 $16 {Threatens to win with Nexf6+.} g5 14. Nxd6 Bxd5 (14... cxd6 $14 15. Nxf6+ Qxf6) 15. Bxd5 Nxd5 16. dxe5 $2 (16. Nf5 $16 Qf6 17. Qg4) 16... cxd6 $15 ({Much worse is} 16... gxh4 $6 17. Nb7 $14) 17. Qxd5 {[#] Black must now prevent Rc6.} gxh4 18. Qxd6 {Rfd1 is the strong threat.} Re8 19. Qxh6 (19. f4 $142) 19... Nxe5 $17 20. Rfd1 (20. Rc3 $17) 20... Rc8 $19 21. e4 Rxc1 22. Qxc1 Qf6 23. f4 Ng6 24. f5 Ne5 25. Qf4 Rc8 26. Qf2 (26. h3 {was necessary.}) 26... Rc4 27. Qe2 Qg5 28. h3 Rc1 29. Rxc1 Qxc1+ 30. Kh2 Qf4+ 31. Kg1 Kg7 32. b3 Kf6 {Played: Qf4-g3} 0-1

[Event "NSV Open-ch Rapid 2019"]
[Site "Lueneburg"]
[Date "2019.08.04"]
[Round "7.8"]
[White "Ramme, Christoph"]
[Black "Schulz, Daniel"]
[Result "1-0"]
[WhiteElo "2154"]
[BlackElo "2071"]
[Annotator "ChessBase"]
[PlyCount "115"]
[EventDate "2019.08.03"]
[EventType "swiss"]
[EventCountry "GER"]
[SourceTitle "playchess.com"]
[Source "ChessBase"]
[SourceQuality "1"]
[TimeControl "600+5"]

1. e4 {[%emt 0:00:00]} d6 {[%emt 0:00:02]} 2. d4 {[%emt 0:00:00]} Nf6 {[%emt 0:00:00]} 3. Nc3 {[%emt 0:00:00]} Nbd7 {[%emt 0:00:01]} 4. f4 {[%emt 0:00:05]} e5 {[%emt 0:00:06]} 5. Nf3 {[%emt 0:00:12]} exd4 {[%emt 0:00:01]} 6. Qxd4 {[%emt 0:00:09]} c6 {[%emt 0:00:18]} 7. Bc4 {[%emt 0:00:26]} d5 {[%emt 0:00:30]} 8. exd5 {[%emt 0:00:16]} Bc5 {[%emt 0:00:04]} 9. Qd3 {[%emt 0:00:24]} O-O {[%emt 0:00:42]} 10. Bd2 {[%emt 0:01:30]} Re8+ {[%emt 0:00:16]} 11. Kf1 {[%emt 0:01:06]} Nb6 {[%emt 0:05:29]} 12. dxc6 {[%emt 0:00:28]} bxc6 {[%emt 0:00:25]} 13. Re1 {[%emt 0:01:48]} Rxe1+ {[%emt 0:00:15]} 14. Bxe1 {[%emt 0:00:19]} Qc7 {[%emt 0:00:12]} 15. Ne5 {[%emt 0:00:30]} Nxc4 {[%emt 0:00:36]} 16. Qxc4 {[%emt 0:00:11]} Bb6 {[%emt 0:00:50]} 17. Bf2 {[%emt 0:00:35]} Bxf2 {[%emt 0:00:59]} 18. Kxf2 {[%emt 0:00:02]} Qb6+ {[%emt 0:00:06]} 19. Kf3 {[%emt 0:00:06]} Qc7 {[%emt 0:00:30]} 20. Rd1 {[%emt 0:00:26]} Bb7 {[%emt 0:00:01]} 21. Qc5 {[%emt 0:00:19]} h6 {[%emt 0:00:12]} 22. Nd5 {[%emt 0:00:39]} Nxd5 {[%emt 0:00:08]} 23. Rxd5 {[%emt 0:00:01]} Qb6 {[%emt 0:00:05]} 24. Qxb6 axb6 {[%emt 0:00:02]} 25. Rd7 {[%emt 0:00:11]} Ba6 {[%emt 0:00:08]} 26. Rxf7 {[%emt 0:00:09]} c5 {[%emt 0:00:03]} 27. a3 {[%emt 0:00:44]} Rd8 {[%emt 0:00:02]} 28. Rd7 {[%emt 0:00:08]} Rxd7 {[%emt 0:00:10]} 29. Nxd7 {[%emt 0:00:01]} Bb7+ {[%emt 0:00:02]} 30. Kf2 {[%emt 0:00:04]} Be4 {[%emt 0:00:06]} 31. c3 {[%emt 0:00:14]} Kf7 {[%emt 0:00:02]} 32. Nxb6 {[%emt 0:00:02]} Ke6 {[%emt 0:00:02]} 33. b4 {[%emt 0:00:19]} Kd6 {[%emt 0:00:11]} 34. Nc4+ {[%emt 0:00:05]} Kc6 {[%emt 0:00:07]} 35. a4 {[%emt 0:00:10]} Bd5 {[%emt 0:00:06]} 36. Ne3 {[%emt 0:00:05]} Bb3 {[%emt 0:00:01]} 37. a5 {[%emt 0:00:06]} cxb4 {[%emt 0:00:06]} 38. cxb4 {[%emt 0:00:01]} Kb5 {[%emt 0:00:01]} 39. Nf5 {[%emt 0:00:03]} Kxb4 {[%emt 0:00:06]} 40. a6 {[%emt 0:00:01]} Kb5 {[%emt 0:00:08]} 41. a7 {[%emt 0:00:01]} Bd5 {[%emt 0:00:02]} 42. Nxg7 {[%emt 0:00:07]} Kb6 {[%emt 0:00:01]} 43. Nf5 {[%emt 0:00:03]} h5 {[%emt 0:00:07]} 44. Ng7 {[%emt 0:00:17]} h4 {[%emt 0:00:03]} 45. h3 {[%emt 0:00:05]} Kxa7 {[%emt 0:00:03]} 46. Nf5 {[%emt 0:00:01]} Kb6 {[%emt 0:00:04]} 47. Nxh4 {[%emt 0:00:01]} Kc5 {[%emt 0:00:01]} 48. g4 {[%emt 0:00:05]} Kd6 {[%emt 0:00:01]} 49. Ke3 {[%emt 0:00:06]} Ke6 {[%emt 0:00:03]} 50. Nf3 {[%emt 0:00:06]} Kf6 {[%emt 0:00:03]} 51. h4 {[%emt 0:00:06]} Bc4 {[%emt 0:00:05]} 52. h5 {[%emt 0:00:05]} Bd5 {[%emt 0:00:02]} 53. Nd4 {[%emt 0:00:05]} Bb7 {[%emt 0:00:05]} 54. g5+ {[%emt 0:00:01]} Kg7 {[%emt 0:00:02]} 55. Ne2 {[%emt 0:00:16]} Kf7 {[%emt 0:00:11]} 56. Kd4 {[%emt 0:00:06]} Bf3 {[%emt 0:00:03]} 57. Ng3 {[%emt 0:00:01]} Ke6 {[%emt 0:00:07]} 58. f5+ {[%emt 0:00:10]} 1-0